|
|
|
|
| LEADER |
00000nas a22000007a 4500 |
| 001 |
ssj0005751 |
| 003 |
WaSeSS |
| 005 |
20200512172242.0 |
| 006 |
m d |
| 007 |
cr n |
| 008 |
000627c19uu9999fluqr pss 0 a0eng c |
| 010 |
|
|
|a 2005216389
|
| 016 |
7 |
|
|a 2068538-5
|2 DE-600
|
| 022 |
|
|
|a 1558-7983
|l 0739-3172
|y 0739-3172
|
| 035 |
|
|
|a (WaSeSS)ssj0005751
|
| 037 |
|
|
|b American Accounting Assoc., 1517 Bessie Dr., Sarasota, FL 33583
|c $250.00
|
| 040 |
|
|
|a HNK
|b eng
|c HNK
|d OCLCQ
|d NSD
|d CFI
|d OCLCQ
|d DEBBG
|d DLC
|d OCLCQ
|d OCLCF
|d OCLCO
|d OCLCQ
|d AU@
|d VT2
|d WaSeSS
|
| 042 |
|
|
|a nsdp
|a pcc
|
| 043 |
|
|
|a n-us---
|
| 050 |
0 |
4 |
|a HF5630
|b .I77
|
| 082 |
1 |
0 |
|a 657
|2 13
|
| 130 |
0 |
|
|a Issues in accounting education (Online)
|
| 222 |
|
0 |
|a Issues in accounting education
|b (Online)
|
| 245 |
1 |
0 |
|a Issues in accounting education
|h [electronic resource].
|
| 260 |
|
|
|a [Sarasota, Fla.] :
|b American Accounting Association
|
| 310 |
|
|
|a Quarterly,
|b 1998-
|
| 321 |
|
|
|a Semiannual,
|b -1997
|
| 506 |
|
|
|a License restrictions may limit access.
|
| 538 |
|
|
|a Mode of access: World Wide Web.
|
| 588 |
|
|
|a Description based on: Vol. 8, no. 1 (spring 1993); title from title information screen (viewed June 12, 2000).
|
| 588 |
|
|
|a Latest issue consulted: Vol. 20, no. 3 (Aug. 2005) (publisher's Web site viewed No. 2, 2005).
|
| 650 |
|
0 |
|a Accounting
|x Study and teaching
|z United States
|v Periodicals.
|
| 650 |
|
7 |
|a Accounting
|x Study and teaching.
|2 fast
|0 (OCoLC)fst00795466
|
| 651 |
|
7 |
|a United States.
|2 fast
|0 (OCoLC)fst01204155
|
| 655 |
|
0 |
|a Electronic journals.
|
| 710 |
2 |
|
|a American Accounting Association.
|
| 776 |
1 |
|
|t Issues in accounting education
|x 0739-3172
|w (DLC) 84640294
|w (OCoLC)9716801
|
| 856 |
4 |
0 |
|z Full text available from Research Library: 10/01/1993 to 11/30/2012
|u https://search.proquest.com/publication/31655
|